ACF Fiorentina Squad 2016-2017 - Statistics

General Stats
  • This quiz has been taken 10 times
  • The average score is 21 of 29
Answer Stats
# Position Nation Player % Correct
97 GK Poland Bartłomiej Drągowski
100%
12 GK Romania Ciprian Tătărușanu
100%
25 MF Italy Federico Chiesa
100%
2 DF Argentina Gonzalo Rodríguez
100%
8 MF Uruguay Matías Vecino
100%
- Coach Portugal Paulo Sousa
100%
20 MF Spain Borja Valero
88%
6 MF Colombia Carlos Sánchez
88%
10 FW Italy Federico Bernardeschi
88%
24 MF Romania Ianis Hagi
88%
72 MF Slovenia Josip Iličić
88%
30 FW Senegal Khouma Babacar
88%
9 FW Croatia Nikola Kalinić
88%
16 FW Spain Cristian Tello
75%
13 DF Italy Davide Astori
75%
1 GK Italy Luca Lezzerini
75%
57 GK Italy Marco Sportiello
75%
5 MF Croatia Milan Badelj
75%
40 DF Serbia Nenad Tomović
75%
18 DF Mexico Carlos Salcedo
50%
31 DF Croatia Hrvoje Milić
50%
17 DF Indonesia Kevin Diks
50%
7 FW Argentina Mauro Zárate
50%
15 DF Uruguay Maximiliano Olivera
50%
19 MF Uruguay Sebastián Cristóforo
50%
4 DF France Sebastien De Maio
50%
21 MF Italy Riccardo Saponara
38%
23 GK Italy Giacomo Satalino
25%
11 FW Argentina Hernán Toledo
25%
No matching quizzes found
Score Distribution
Percent of People with Each Score
Percentile by Number Answered
Your Score History
You have not taken this quiz